000 00641nam a2200193 a 4500
001 11283
003 CO-ViMGA
008 141112s2004 ck r 000 u spa d
020 _a9589028756
040 _aCO-ViMGA
_bspa
_cCO-ViMGA
082 0 4 _a868.9983 T47i
100 1 _aTittler, Jonathan
_915744
245 1 0 _aIronía narrativa en la novela hispanoAméricana contemporánea
260 _aBogotá,
_cBanco de la república,
_c1990
490 _acoleccion bibliografica historia critica de las artes colombianas literatura
650 1 4 _aNOVELA HISPANOAméricaNA
_915745
650 1 4 _aNOVELISTAS HISPANOAméricaNOS
_915746
942 _2ddc
_cBK
999 _c22490
_d22490